| 000 | 00555 a2200193 4500 | ||
|---|---|---|---|
| 020 | _a978-989-53984-6-1 | ||
| 040 | _aULA-LD-MS | ||
| 082 |
_b343.2/CAL/I _m1 |
||
| 100 |
_9994 _aCALENGE, Jonas |
||
| 245 |
_aA Igreja em Angola e o crime de branqueamento de capitais _bNotas sobre a imputação penal dos entes colectivos |
||
| 250 | _a1ª Edição | ||
| 260 |
_bFACUL Editora _cJunho/2024 |
||
| 300 | _a165p. | ||
| 600 | 0 | _aCALENGE, Jonas | |
| 650 | _aDireito penal em geral | ||
| 700 | _aJonas Calenge | ||
| 942 | _cLivros | ||
| 999 |
_c2169 _d2169 |
||